Every Named Location in Fortnite History - Statistics

General Stats
  • This quiz has been taken 17 times
    15 since last reset
  • The average score is 60 of 147
Answer Stats
Chapter of Introduction Season of Introduction Answer % Correct
Chapter 1 Season 2 Tilted Towers
100%
Chapter 1 Season 5 Paradise Palms
89%
Chapter 1 Season 4 Dusty Divot
78%
Chapter 1 Season 3 Lucky Landing
78%
Chapter 1 Pre-Season Moisty Mire
78%
Chapter 1 Pre-Season Pleasant Park
78%
Chapter 1 Pre-Season Retail Row
78%
Chapter 1 Pre-Season Salty Springs
78%
Chapter 1 Season 2 Shifty Shafts
78%
Chapter 1 Season 2 Snobby Shores
78%
Chapter 1 Pre-Season Wailing Woods
78%
Chapter 1 Pre-Season Anarchy Acres
67%
Chapter 1 Pre-Season Dusty Depot
67%
Chapter 1 Pre-Season Fatal Fields
67%
Chapter 1 Pre-Season Flush Factory
67%
Chapter 1 Pre-Season Greasy Grove
67%
Chapter 1 Season 2 Haunted Hills
67%
Chapter 1 Season 2 Junk Junction
67%
Chapter 1 Pre-Season Lonely Lodge
67%
Chapter 1 Pre-Season Loot Lake
67%
Chapter 1 Season 9 Neo-Tilted
67%
Chapter 1 Season 7 Polar Peak
67%
Chapter 1 Season 7 The Block
67%
Chapter 2 Season 2 The Grotto
67%
Chapter 1 Pre-Season Tomato Town
67%
Chapter 2 Season 1 Craggy Cliffs
56%
Chapter 1 Season 7 Frosty Flights
56%
Chapter 1 Season X Gotham City
56%
Chapter 1 Season 7 Happy Hamlet
56%
Chapter 1 Season 8 Lazy Lagoon
56%
Chapter 2 Season 1 Lazy Lake
56%
Chapter 1 Season 5 Lazy Links
56%
Chapter 1 Season 6 Leaky Lake
56%
Chapter 4 Season 2 MEGA City
56%
Chapter 1 Season 9 Mega Mall
56%
Chapter 2 Season 1 Misty Meadows
56%
Chapter 1 Season 4 Risky Reels
56%
Chapter 2 Season 1 Slurpy Swamp
56%
Chapter 2 Season 1 Steamy Stacks
56%
Chapter 2 Season 1 Sweaty Sands
56%
Chapter 2 Season 2 The Agency
56%
Chapter 2 Season 2 The Rig
56%
Chapter 2 Season 2 The Shark
56%
Chapter 1 Season X Tilted Town
56%
Chapter 2 Season 1 Weeping Woods
56%
Chapter 4 Season 1 Anvil Square
44%
Chapter 2 Season 5 Colossal Coliseum
44%
Chapter 2 Season 6 Colossal Crops
44%
Chapter 2 Season 7 Corny Complex
44%
Chapter 2 Season 1 Dirty Docks
44%
Chapter 5 Season 1 Fencing Fields
44%
Chapter 2 Season 1 Frenzy Farm
44%
Chapter 4 Season 1 Frenzy Fields
44%
Chapter 5 Season 2 Grim Gate
44%
Chapter 2 Season 1 Holly Hedges
44%
Chapter 2 Season 5 Hunter's Haven
44%
Chapter 5 Season 1 Lavish Lair
44%
Chapter 1 Season X Moisty Palms
44%
Chapter 2 Season 3 Rickety Rig
44%
Chapter 2 Season 5 Salty Towers
44%
Chapter 2 Season 7 Sludgy Swamp
44%
Chapter 2 Season 4 Stark Industries
44%
Chapter 1 Season X Starry Suburbs
44%
Chapter 4 Season 1 The Citadel
44%
Chapter 3 Season 1 The Daily Bugle
44%
Chapter 2 Season 8 The Pyramid
44%
Chapter 2 Season 2 The Yacht
44%
Chapter 1 Season 5 Tomato Temple
44%
Chapter 2 Season 7 Believer Beach
33%
Chapter 4 Season 1 Breakwater Bay
33%
Chapter 5 Season 3 Brutal Beachhead
33%
Chapter 5 Season 4 Castle Doom
33%
Chapter 2 Season 3 Catty Corner
33%
Chapter 3 Season 1 Condo Canyon
33%
Chapter 3 Season 1 Coney Crossroads
33%
Chapter 5 Season 4 Doom's Courtyard
33%
Chapter 2 Season 4 Doom's Domain
33%
Chapter 5 Season 5 Doomstadt
33%
Chapter 4 Season 1 Faulty Splits
33%
Chapter 5 Season 1 Grand Glacier
33%
Chapter 2 Season 7 Holly Hatchery
33%
Chapter 4 Season 2 Kenjutsu Crossing
33%
Chapter 3 Season 3 Logjam Lumberyard
33%
Chapter 4 Season 1 Lonely Labs
33%
Chapter 5 Season 2 Mount Olympus
33%
Chapter 5 Season 3 Nitrodrome
33%
Chapter 5 Season 1 Pleasant Piazza
33%
Chapter 1 Season 9 Pressure Plant
33%
Chapter 3 Season 3 Rave Cave
33%
Chapter 5 Season 1 Reckless Railways
33%
Chapter 5 Season 3 Redline Rig
33%
Chapter 5 Season 2 Restored Reels
33%
Chapter 3 Season 1 Rocky Reels
33%
Chapter 5 Season 3 Sandy Steppes
33%
Chapter 4 Season 1 Shattered Slabs
33%
Chapter 3 Season 1 Sleepy Sound
33%
Chapter 5 Season 1 Snooty Steppes
33%
Chapter 2 Season 5 Stealthy Stronghold
33%
Chapter 1 Season 8 Sunny Steps
33%
Chapter 2 Season 3 The Authority
33%
Chapter 2 Season 8 The Convergence
33%
Chapter 2 Season 3 The Fortilla
33%
Chapter 3 Season 1 The Joneses
33%
Chapter 5 Season 4 The Raft
33%
Chapter 2 Season 4 The Ruins
33%
Chapter 3 Season 1 The Sanctuary
33%
Chapter 2 Season 6 The Spire
33%
Chapter 5 Season 2 The Underworld
33%
Chapter 4 Season 1 Brutal Bastion
22%
Chapter 5 Season 1 Classy Courts
22%
Chapter 3 Season 4 Cloudy Condos
22%
Chapter 3 Season 2 Command Cavern
22%
Chapter 3 Season 1 Covert Cavern
22%
Chapter 3 Season 4 Flutter Barn
22%
Chapter 5 Season 1 Hazy Hillside
22%
Chapter 4 Season 2 Knotty Nets
22%
Chapter 3 Season 3 Logjam Junction
22%
Chapter 3 Season 3 Logjam Lotus
22%
Chapter 3 Season 3 Reality Falls
22%
Chapter 3 Season 3 Reality Tree
22%
Chapter 5 Season 1 Rebel's Roost
22%
Chapter 4 Season 4 Relentless Retreat
22%
Chapter 5 Season 1 Ritzy Riviera
22%
Chapter 5 Season 1 Ruined Reels
22%
Chapter 3 Season 4 Shiny Sound
22%
Chapter 5 Season 3 Shipwreck Shallows
22%
Chapter 4 Season 1 Slappy Shores
22%
Chapter 4 Season 2 Steamy Springs
22%
Chapter 3 Season 2 Synapse Station
22%
Chapter 3 Season 4 Tainted Towers
22%
Chapter 3 Season 2 The Collider
22%
Chapter 3 Season 2 The Fortress
22%
Chapter 5 Season 2 Brawler's Battlegroud
11%
Chapter 3 Season 1 Chonker's Speedway
11%
Chapter 3 Season 4 Chrome Crossroads
11%
Chapter 3 Season 4 Chromejam Junction
11%
Chapter 4 Season 3 Creeky Compound
11%
Chapter 4 Season 4 Eclipsed Estate
11%
Chapter 3 Season 2 Fort Jonesy
11%
Chapter 3 Season 4 Grim Gables
11%
Chapter 3 Season 4 Herald's Sanctum
11%
Chapter 3 Season 4 Lustrous Lagoon
11%
Chapter 4 Season 3 Rumble Ruins
11%
Chapter 4 Season 4 Sanguine Suites
11%
Chapter 4 Season 3 Shady Stilts
11%
Chapter 3 Season 4 Shimmering Shrine
11%
Chapter 3 Season 3 Shuffled Shrines
11%
No matching quizzes found
Score Distribution
Percent of People with Each Score
Percentile by Number Answered
Your Score History
You have not taken this quiz since the last reset